Insects and spiders / (Record no. 5818)

MARC details
000 -LEADER
fixed length control field 01209cam a22003377a 4500
001 - CONTROL NUMBER
control field 5818
003 - CONTROL NUMBER IDENTIFIER
control field FISKH
005 - DATE AND TIME OF LATEST TRANSACTION
control field 20250123105803.0
008 - FIXED-LENGTH DATA ELEMENTS--GENERAL INFORMATION
fixed length control field 121219s2012 nyua j 001 0 eng d
010 ## - LIBRARY OF CONGRESS CONTROL NUMBER
LC control number 2012288870
020 ## - INTERNATIONAL STANDARD BOOK NUMBER
International Standard Book Number 9780545467032
020 ## - INTERNATIONAL STANDARD BOOK NUMBER
International Standard Book Number 0545467039
040 ## - CATALOGING SOURCE
Original cataloging agency UWT
Transcribing agency UWT
Modifying agency DLC
Language of cataloging eng
050 ## - LIBRARY OF CONGRESS CALL NUMBER
Classification number QL467.C36
082 ## - DEWEY DECIMAL CLASSIFICATION NUMBER
Classification number 595.7
100 1# - MAIN ENTRY--PERSONAL NAME
Personal name Caputo, Christine A.,
Dates associated with a name 1966-
245 10 - TITLE STATEMENT
Title Insects and spiders /
Statement of responsibility, etc. Christine A. Caputo
260 ## - PUBLICATION, DISTRIBUTION, ETC.
Place of publication, distribution, etc. New York :
Name of publisher, distributor, etc. Scholastic,
Date of publication, distribution, etc. 2012.
300 ## - PHYSICAL DESCRIPTION
Extent 32 pages :
Other physical details color illustrations ;
Dimensions 23 cm
490 1# - SERIES STATEMENT
Series statement Smart words reader
500 ## - GENERAL NOTE
General note "20 science vocabulary words in every book!"--Cover.
500 ## - GENERAL NOTE
General note "This edition is available for distribution only through the school market"--P. [4] of cover.
500 ## - GENERAL NOTE
General note Includes index.
505 0# - FORMATTED CONTENTS NOTE
Formatted contents note Irresistible insects -- Itsy-bitsy spider -- Crawling all around.
520 ## - SUMMARY, ETC.
Summary, etc. Learn about insects and spiders while building your science vocabulary. Includes vocabulary quizzes and answer key.
650 #0 - SUBJECT ADDED ENTRY--TOPICAL TERM
Topical term or geographic name entry element Insects
Form subdivision Juvenile literature.
650 #0 - SUBJECT ADDED ENTRY--TOPICAL TERM
Topical term or geographic name entry element Spiders
Form subdivision Juvenile literature.
906 ## - LOCAL DATA ELEMENT F, LDF (RLIN)
a 7
b cbc
c copycat
d 2
e ncip
f 20
g y-gencatlg
942 ## - ADDED ENTRY ELEMENTS (KOHA)
Source of classification or shelving scheme Dewey Decimal Classification
Koha item type Books
Suppress in OPAC No
Holdings
Withdrawn status Lost status Source of classification or shelving scheme Damaged status Not for loan Collection Home library Current library Shelving location Date acquired Total Checkouts Full call number Barcode Date last seen Copy number Price effective from Koha item type
    Dewey Decimal Classification     Non-Fiction Footprints International School Library Network Toul Kork Campus Footprints International School Library Network Toul Kork Campus A TK Campus, 4th Floor, Room B401, Non-Fiction Bookcases(7-8) 01/23/2025   CAP 595.7 QL467.C36 FISTK00802 01/23/2025 1 01/23/2025 Books
    Dewey Decimal Classification     Non-Fiction Footprints International School Library Network Toul Kork Campus Footprints International School Library Network Toul Kork Campus A TK Campus, 4th Floor, Room B401, Non-Fiction Bookcases(7-8) 04/21/2025   CAP 595.7 QL467.C36 FISBK05625 04/21/2025 2 04/21/2025 Books